Mots: nourriture en O (FR --> EN) - Statistiques

Statistiques générales
  • Ce quiz a été pris 77 fois
  • Le résultat moyen est 4 sur 5
Statistiques - réponses
Hint Réponse % Correct
Œuf Egg
100%
Orange Orange
93%
Oignon Onion
89%
Olive Olive
80%
Omelette Omelette
49%
Aucun quiz correspondant
Distribution des résultats
% des personnes avec chaque résultat
Percentile par nombre de réponses
Votre historique - résultats
Vous n’avez pas pris ce quiz